=LDR 00000nam 2200000 4500 =001 INLIS000000000013857 =005 20220113120526 =035 ##$$a 0010-061300000013857 =008 220113###########################0###### =041 ##$$a Ind =082 ##$$a 574.076 =090 ##$$a 574.076, Ati p =100 ##$$a Atinirmala, Prasita =245 1#$$a Perang siasat biologi praktis, Prasita Atinirmala =260 ##$$a 2004 :$b Yogyakarta =300 ##$$a 251 hlm, 20 cm =650 #4$$a Biologi - Tes dan evaluasi =850 ##$$a NBPNMAT